000 00615nam a22002177a 4500
003 LK-CoMWRAF
005 20240121170215.0
008 240121b2002 |||||||| |||| 00| 0 eng d
020 _a9832622085
040 _aLK-CoMWRAF
_dLK-CoMWRAF
_eLK-CoMWRAF
041 _aeng
082 _a340.59
_bNOR
100 _aNoraida, Endut
245 _aGuardianship law and Muslim women
260 _aSelangor:
_bSister in Islam,
_c2002
300 _a 32 p. ; 23 cm.
490 _aSIS working paper series
650 _aGuardian and ward (Islamic law)
650 _aMuslim women- Legal status, laws -Malaysia
942 _cBK
999 _c4667
_d4667